| 000 | 00483nam a22001697a 4500 | ||
|---|---|---|---|
| 003 | OSt | ||
| 005 | 20260430014219.0 | ||
| 008 | 260430b |||||||| |||| 00| 0 eng d | ||
| 020 | _a971-8970-60-6. | ||
| 040 |
_aDWC-Main Lib. _cOC |
||
| 082 | _aRes. 818.008 Si39t 1997 | ||
| 100 | _aSilverio, Julio F. | ||
| 245 |
_a100 tula na nakatutuwa _b(unang aklat)/ _cJulio F. Silverio |
||
| 260 | _bM&L Licudine Ent. | ||
| 300 |
_a107 p. ; _c18 cm. |
||
| 942 |
_2ddc _cBK-0 CIRC _hRes. _n0 |
||
| 999 |
_c10060 _d10060 |
||